| 000 | 00984nam a2200217 i 4500 | ||
|---|---|---|---|
| 001 | 53689 | ||
| 003 | ES-MaACL | ||
| 005 | 20250823063037.0 | ||
| 007 | t| | ||
| 008 | 960704s1837 sp ||||1| spa d | ||
| 040 |
_aCAM _bspa _cCAM |
||
| 100 | 1 |
_aFernandez de Córdoba, Luis, _d1798-1840 _949653 |
|
| 245 | 1 | 0 | _aMemoria justificativa que dirige a sus conciudadanos el general Córdoba en vindicación de los cargos que por la prensa nacioanl y extranjera se han hecho a su conducta militar o política en el mando de los ejércitos de oposiciones y de reserva. |
| 260 |
_aMadrid : _b[s.n.], _c1837 ( _fImprenta de Tomás Jordan) |
||
| 300 |
_a517 [i.e. 617], [2] p., [1] h. pleg. de map ; _c19 cm. |
||
| 530 | _aDisponible en formato digital. | ||
| 651 | 4 |
_aEspaña- _xHistoria- _y1833-1840, Guerra carlista _98250 |
|
| 852 |
_aES-MaACL _jG-9828 |
||
| 856 |
_uhttp://bdh-rd.bne.es/viewer.vm?id=0000114298&page=1 _zBiblioteca Digital Hispánica |
||
| 999 |
_c53689 _d53689 |
||